|
|
|
|
| LEADER |
01517nam a2200385 a 4500 |
| 001 |
000641135 |
| 003 |
CZ BrMZK |
| 005 |
20091012104725.0 |
| 007 |
ta |
| 008 |
021210s2002 xr e p cze d |
| 015 |
|
|
|a cnb001178680
|
| 020 |
|
|
|a 80-248-0099-3
|
| 035 |
|
|
|a (OCoLC)53268419
|
| 040 |
|
|
|a BOA001
|b cze
|
| 072 |
|
7 |
|a 658
|x Řízení a správa podniku
|2 Konspekt
|9 4
|
| 072 |
|
7 |
|a 37.016
|x Učební osnovy. Vyučovací předměty. Učebnice
|2 Konspekt
|9 22
|
| 080 |
|
|
|a 334.012.63/.64
|2 MRF
|
| 080 |
|
|
|a 658.114-022.54/.55
|2 MRF
|
| 080 |
|
|
|a 658
|2 MRF
|
| 080 |
|
|
|a (075.8)
|2 MRF
|
| 100 |
1 |
|
|a Mikušová, Marie
|7 jn20001227368
|4 aut
|
| 245 |
1 |
0 |
|a Manažer malé a střední firmy /
|c Marie Mikušová
|
| 250 |
|
|
|a 1. vyd.
|
| 260 |
|
|
|a Ostrava :
|b Vysoká škola báňská - Technická univerzita,
|c 2002
|
| 300 |
|
|
|a 286 s. ;
|c 29 cm
|
| 521 |
|
|
|a Určeno pro posluchače 3. ročníku EkF
|
| 650 |
0 |
7 |
|a malé a střední podniky
|7 ph115211
|2 czenas
|
| 650 |
0 |
7 |
|a malé a střední podnikání
|7 ph126212
|2 czenas
|
| 650 |
0 |
7 |
|a podnikový management
|7 ph115763
|2 czenas
|
| 655 |
|
7 |
|a učebnice vysokých škol
|7 fd133772
|2 czenas
|
| 710 |
2 |
|
|a Vysoká škola báňská - Technická univerzita Ostrava.
|b Ekonomická fakulta
|7 kn20010709388
|
| 910 |
|
|
|a BOA001
|b 3-1111.449
|
| 990 |
|
|
|a BK
|
| 996 |
6 |
|
|b 2610179199
|c 3-1111.449
|l MZK
|r Sklad / do 1 hodiny
|n 1
|p p.v.
|w 000641135
|u 000010
|a 1
|e BOA001
|j MZK50
|s P
|
| 996 |
7 |
|
|b 2610179200
|c 3-1111.449
|l MZK
|r Sklad / do 1 hodiny
|n 21
|p kup
|w 000641135
|u 000020
|a 1
|e BOA001
|j MZK50
|s A
|